<?xml version='1.0' encoding='UTF-8'?>
  <record xmlns="http://www.loc.gov/MARC21/slim">
    <leader>00000cam a22000007i 4500</leader>
    <controlfield tag="001">ocm69074075</controlfield>
    <controlfield tag="003">OCoLC</controlfield>
    <controlfield tag="005">20240210061653.1</controlfield>
    <controlfield tag="008">950718s1542    sz            000 p lat d</controlfield>
    <datafield tag="040" ind1=" " ind2=" ">
      <subfield code="a">NLGGC</subfield>
      <subfield code="b">eng</subfield>
      <subfield code="e">dcrmr</subfield>
      <subfield code="c">NLGGC</subfield>
      <subfield code="d">OCLCO</subfield>
      <subfield code="d">QGJ</subfield>
      <subfield code="d">OCLCO</subfield>
      <subfield code="d">QGJ</subfield>
      <subfield code="d">OCLCL</subfield>
    </datafield>
    <datafield tag="029" ind1="0" ind2=" ">
      <subfield code="a">NLGGC</subfield>
      <subfield code="b">139146350</subfield>
    </datafield>
    <datafield tag="035" ind1=" " ind2=" ">
      <subfield code="a">(OCoLC)69074075</subfield>
    </datafield>
    <datafield tag="245" ind1="0" ind2="0">
      <subfield code="a">In Testamenti novi maiorem partem, hoc est, in Euangelia &amp; Epistolas Pauli omnes, poëmata carmine disertissimo à uarijs &amp; doctis, cum pręteriti tum nostri temporis Poëtis, in gratiam studiosorum poëticæ artis, collecta et ædita.</subfield>
    </datafield>
    <datafield tag="246" ind1="3" ind2=" ">
      <subfield code="a">De passione Domini nostri Jesu Christi, Autore Joanne Calceato</subfield>
    </datafield>
    <datafield tag="246" ind1="3" ind2=" ">
      <subfield code="a">Aratoris subdiaconi Christiani poetæ ad Florianum abbatem, in sanctissima Apostolorum Acta præfatio</subfield>
    </datafield>
    <datafield tag="246" ind1="3" ind2=" ">
      <subfield code="a">Aurelii Prudentii clementis viri consularis Enchiridion noui &amp; ueteris instrumenti</subfield>
    </datafield>
    <datafield tag="246" ind1="3" ind2=" ">
      <subfield code="a">Ode saphica ad unum mediatorem invitans Christum, autore Hermanno Buschio.</subfield>
    </datafield>
    <datafield tag="264" ind1=" " ind2="1">
      <subfield code="a">Basileae,</subfield>
      <subfield code="c">[1542].</subfield>
    </datafield>
    <datafield tag="300" ind1=" " ind2=" ">
      <subfield code="a">525, [1] pages, 1 leaf ;</subfield>
      <subfield code="c">17 cm (8vo)</subfield>
    </datafield>
    <datafield tag="336" ind1=" " ind2=" ">
      <subfield code="a">text</subfield>
      <subfield code="b">txt</subfield>
      <subfield code="2">rdacontent</subfield>
    </datafield>
    <datafield tag="337" ind1=" " ind2=" ">
      <subfield code="a">unmediated</subfield>
      <subfield code="b">n</subfield>
      <subfield code="2">rdamedia</subfield>
    </datafield>
    <datafield tag="338" ind1=" " ind2=" ">
      <subfield code="a">volume</subfield>
      <subfield code="b">nc</subfield>
      <subfield code="2">rdacarrier</subfield>
    </datafield>
    <datafield tag="340" ind1=" " ind2=" ">
      <subfield code="m">8vo</subfield>
      <subfield code="2">rdabf</subfield>
    </datafield>
    <datafield tag="500" ind1=" " ind2=" ">
      <subfield code="a">Signatures: a-z⁸, A-K⁸.</subfield>
    </datafield>
    <datafield tag="500" ind1=" " ind2=" ">
      <subfield code="a">Initials.</subfield>
    </datafield>
    <datafield tag="500" ind1=" " ind2=" ">
      <subfield code="a">Year of publication based on date of introduction.</subfield>
    </datafield>
    <datafield tag="500" ind1=" " ind2=" ">
      <subfield code="a">With an introduction by Bartholomäus Westheimer.</subfield>
    </datafield>
    <datafield tag="500" ind1=" " ind2=" ">
      <subfield code="a">Page 48 misnumbered 84; pages 368-383 are misnumbered; pages 390-391 are misnumbered 380-381; pages 430-431 are misnumbered 396 and 387; page 438 is misnumbered 439; pages 462-463 are misnumbered 440 and 461; page 465 is misnumbered 365; page 467 is misnumbered 367; page 510 is misnumbered 501; pages 514-515 are misnumbered 516 and 513; pages 518-519 are misnumbered 520 and 525; pages 522-523 are misnumbered 524 and 521.</subfield>
    </datafield>
    <datafield tag="505" ind1="0" ind2="0">
      <subfield code="t">In Evangelia dominicalia /</subfield>
      <subfield code="r">Ioannes Spangebergius Herdessianus --</subfield>
      <subfield code="t">De passione Domini /</subfield>
      <subfield code="r">Ioannes Calceatus minorita  --</subfield>
      <subfield code="t">In acta Apostolorum /</subfield>
      <subfield code="r">Arator subdiaconus cardinalis  --</subfield>
      <subfield code="t">In omnes epistolas Pauli /</subfield>
      <subfield code="r">Franciscus Bonadus Angeriae presbyter  --</subfield>
      <subfield code="t">Enchiridion Novi &amp; Veteris Testamenti /</subfield>
      <subfield code="r">Aurelii Prudentii --</subfield>
      <subfield code="t">Carmen de Christo mediatore /</subfield>
      <subfield code="r">Hermanni Buschii.</subfield>
    </datafield>
    <datafield tag="510" ind1="4" ind2=" ">
      <subfield code="a">Verzeichnis der im deutschen Sprachbereich erschienenen Drucke des 16. Jahrhunderts (VD 16),</subfield>
      <subfield code="c">W 2230</subfield>
    </datafield>
    <datafield tag="655" ind1=" " ind2="2">
      <subfield code="a">Poetry</subfield>
    </datafield>
    <datafield tag="655" ind1=" " ind2="7">
      <subfield code="a">poetry.</subfield>
      <subfield code="2">aat</subfield>
    </datafield>
    <datafield tag="655" ind1=" " ind2="7">
      <subfield code="a">Poetry.</subfield>
      <subfield code="2">fast</subfield>
      <subfield code="0">(OCoLC)fst01423828</subfield>
    </datafield>
    <datafield tag="655" ind1=" " ind2="7">
      <subfield code="a">Poetry.</subfield>
      <subfield code="2">lcgft</subfield>
    </datafield>
    <datafield tag="655" ind1=" " ind2="7">
      <subfield code="a">Poésie.</subfield>
      <subfield code="2">rvmgf</subfield>
    </datafield>
    <datafield tag="700" ind1="1" ind2=" ">
      <subfield code="a">Westheimer, Bartholomeus,</subfield>
      <subfield code="d">1504-approximately 1570,</subfield>
      <subfield code="e">printer,</subfield>
      <subfield code="e">editor.</subfield>
      <subfield code="4">prt</subfield>
      <subfield code="4">edt</subfield>
      <subfield code="1">https://id.oclc.org/worldcat/entity/E39PBJmHGQRYGgyP6vQr7mwQv3</subfield>
    </datafield>
    <datafield tag="700" ind1="1" ind2="2">
      <subfield code="i">Container of (work):</subfield>
      <subfield code="a">Spangenberg, Johann.</subfield>
      <subfield code="t">In Evangelia dominicalia.</subfield>
    </datafield>
    <datafield tag="700" ind1="1" ind2="2">
      <subfield code="i">Container of (work):</subfield>
      <subfield code="a">Chaussé, Jean,</subfield>
      <subfield code="d">active 16th century.</subfield>
      <subfield code="t">De passione domini nostri Iesu Christi.</subfield>
    </datafield>
    <datafield tag="700" ind1="0" ind2="2">
      <subfield code="i">Container of (work):</subfield>
      <subfield code="a">Arator,</subfield>
      <subfield code="c">Subdiaconus,</subfield>
      <subfield code="d">active 513-544.</subfield>
      <subfield code="t">De actibus apostolorum.</subfield>
    </datafield>
    <datafield tag="700" ind1="1" ind2="2">
      <subfield code="i">Container of (work):</subfield>
      <subfield code="a">Bonade, François,</subfield>
      <subfield code="d">active 1531-1550.</subfield>
      <subfield code="t">In omnes epistolas Pauli.</subfield>
    </datafield>
    <datafield tag="700" ind1="0" ind2="2">
      <subfield code="i">Container of (work):</subfield>
      <subfield code="a">Prudentius,</subfield>
      <subfield code="d">348-</subfield>
      <subfield code="t">Dittochaeon.</subfield>
    </datafield>
    <datafield tag="700" ind1="1" ind2="2">
      <subfield code="i">Containter of (work):</subfield>
      <subfield code="a">Busche, Hermann von dem,</subfield>
      <subfield code="d">approximately 1468-1534.</subfield>
      <subfield code="t">Carmen de Christo mediatore.</subfield>
    </datafield>
    <datafield tag="752" ind1=" " ind2=" ">
      <subfield code="a">Switzerland</subfield>
      <subfield code="d">Basel,</subfield>
      <subfield code="e">publication place.</subfield>
      <subfield code="4">pup</subfield>
    </datafield>
    <datafield tag="758" ind1=" " ind2=" ">
      <subfield code="i">has work:</subfield>
      <subfield code="a">In Testamenti novi majorem partem hoc est in Euangelia et Epistolas Pauli omnes poemata, a variis poetis collecta (Text)</subfield>
      <subfield code="1">https://id.oclc.org/worldcat/entity/E39PCGB7q6MTvB84x7r4yYyq8K</subfield>
      <subfield code="4">https://id.oclc.org/worldcat/ontology/hasWork</subfield>
    </datafield>
  </record>